Tercer informe sobre la aplicación del derecho del Mercosur por los tribunales nacionales 2005

Guardat en:
Dades bibliogràfiques
Autor corporatiu: Secretaría del MERCOSUR (Autor), Fundación Konrad Adenauer (Autor)
Format: Llibre
Idioma:espanyol
portuguès
Publicat: Montevideo Secretaría del Mercosur 2010
Montevideo Fundación Konrad Adenauer 2010
Matèries:
Etiquetes: Afegir etiqueta
Sense etiquetes, Sigues el primer a etiquetar aquest registre!

MARC

LEADER 00000nam a2200000 a 4500
001 UCG2134
003 CL-VaPUC
008 100617e20100000UY |||||||||||||||||spa|d
020 |a 9789974823211 
041 0 7 |a spa  |2 CL-VaPUC 
041 0 7 |a por  |2 CL-VaPUC 
082 0 4 |a 382.911  |b SEC  |2 21 
110 2 |a Secretaría del MERCOSUR  |e author  |9 550465 
710 2 |a Fundación Konrad Adenauer  |e author  |9 550466 
245 1 0 |a Tercer informe sobre la aplicación del derecho del Mercosur por los tribunales nacionales 2005 
246 1 0 |a Terceiro relatório sobre a aplicacao do direito de Mercosul pelos tribunais nacionais 2005 
300 |a 231 p 
942 |c BK 
945 |d 20100617 00:00:00  |a dcastane 
260 |a Montevideo  |b Secretaría del Mercosur  |c 2010 
260 |a Montevideo  |b Fundación Konrad Adenauer  |c 2010 
650 7 |a COMERCIO INTERNACIONAL  |2 CL-VaPUC  |9 550467 
650 7 |a TRATADOS INTERNACIONALES COMERCIALES  |2 CL-VaPUC  |9 550468 
650 0 |a Integración económica  |9 255024 
650 0 |a Tratados de libre comercio (TLC)  |9 466055 
650 0 |a Derecho económico   |9 259197 
583 |a last modification  |c 20130326 10:48:17  |k Rodrigo Vera 
999 |c 341369  |d 341367 
952 |0 0  |1 0  |4 0  |6 382_911000000000000_SEC_2010_2010  |7 0  |8 A  |9 436781  |a BIBDER  |b BIBDER  |d 2019-11-22  |i 468544K  |o 382.911 SEC 2010 2010  |p 468544K  |r 2023-01-25  |w 2019-11-22  |y BK  |k DER